| 000 | 01341cam a22003494a 4500 | ||
|---|---|---|---|
| 001 | 14069603 | ||
| 005 | 20150127131223.0 | ||
| 008 | 050808s2006 paua 001 0 eng | ||
| 010 | _a 2005022886 | ||
| 016 | 7 |
_a101254606 _2DNLM |
|
| 020 | _a0781747678 (case) | ||
| 020 | _a9780781786980 | ||
| 035 | _a(OCoLC)ocm61295800 | ||
| 040 |
_aDNLM/DLC _cDLC _dYDX _dNLM _dBAKER _dDLC |
||
| 042 | _apcc | ||
| 050 | 0 | 0 |
_aR 123 _b.C594 2008 |
| 060 | 1 | 0 |
_aW 15 _bC712s 2006 |
| 082 | 0 | 0 | _a610/.1/4 |
| 100 | 1 | _aCollins, C. Edward. | |
| 245 | 1 | 2 |
_aA short course in medical terminology / _cC. Edward Collins. |
| 260 |
_aPhiladelphia : _bLippincott Williams & Wilkins, _cc2008. |
||
| 300 |
_axx, 358 pages : _bcolored illustrations ; _c24 cm. + _e1 CD-ROM (4 3/4 in.) |
||
| 500 | _aIncludes index. | ||
| 650 | 0 |
_aMedicine _vTerminology. |
|
| 650 | 0 |
_aMedical sciences _vTerminology. |
|
| 650 | 1 | 2 |
_aTerminology _vProblems and Exercises. |
| 856 | 4 | 1 |
_3Table of contents _uhttp://www.loc.gov/catdir/toc/ecip0517/2005022886.html |
| 856 | 4 | 2 |
_3Publisher description _uhttp://www.loc.gov/catdir/enhancements/fy0807/2005022886-d.html |
| 906 |
_a7 _bcbc _corignew _d1 _eecip _f20 _gy-gencatlg |
||
| 942 |
_2lcc _cBK |
||
| 999 |
_c278742 _d278742 |
||